000 00466nam a2200193Ia 4500
005 20240823012802.0
008 240823s9999||||xx |||||||||||||| ||und||
020 _a0-8018-3554-2
041 _aENGLISH
082 _A338.90091724 M7
100 _a"Israel,Arturo"
245 0 _aInstitutional Development
250 _a1st
260 _c1987
_bWorld Boo
500 _aYES
650 _aDevelopment Banking
_bManagement Studies
942 _cBK
999 _c165397
_d165397